[Event "SV Letmathe 1 - SV Mülheim-Nord 2"]
[Site "Oberliga NRW 2019/2020"]
[Date "2020.02.16"]
[Round "6.6"]
[White "Adamski, Jan"]
[Black "Mainusch, Martin"]
[Result "1-0"]
[WhiteElo "2182"]
[BlackElo "1935"]
[PlyCount "109"]
[EventDate "2020.??.??"]
[SourceVersionDate "2020.03.16"]
[WhiteTeam "SV Letmathe 1"]
[BlackTeam "SV Mülheim-Nord 2"]

1. Nf3 Nf6 2. c4 g6 3. Nc3 Bg7 4. e4 d6 5. d4 O-O 6. Be2 e5 7. O-O Nh5 8. dxe5
dxe5 9. Qxd8 Rxd8 10. Nd5 Na6 11. c5 c6 12. Ne7+ Kf8 13. Nxc8 Raxc8 14. Bxa6
bxa6 15. Be3 Nf6 16. Bg5 h6 17. Bxf6 Bxf6 18. Rfd1 Ke7 19. Kf1 Ke6 20. Ne1 Be7
21. Nd3 Rd4 22. Nf4+ Kf6 23. Rxd4 exd4 24. Nd3 Rb8 25. Rc1 Rb5 26. Rc4 Ke6 27.
Rxd4 Bxc5 28. Rc4 Bb6 29. Rxc6+ Ke7 30. Ke2 Ra5 31. a3 Kd7 32. Rc4 Rb5 33. f4
a5 34. a4 Rh5 35. h3 f5 36. Ne5+ Ke8 37. Nxg6 fxe4 38. Rxe4+ Kf7 39. Ne5+ Kg7
40. Kf3 Rf5 41. g4 Rf6 42. Nc4 Rf7 43. h4 Rd7 44. Nxb6 axb6 45. g5 hxg5 46.
hxg5 Rd2 47. b4 Ra2 48. bxa5 bxa5 49. Kg4 Ra1 50. Kf5 Ra2 51. Rc4 Ra1 52. Rc7+
Kf8 53. Kf6 Ke8 54. Re7+ Kd8 55. Re4 1-0

[Event "SV Letmathe 1 - SV Mülheim-Nord 2"]
[Site "Oberliga NRW 2019/2020"]
[Date "2020.02.16"]
[Round "6.7"]
[White "Brockhaus, Bernd"]
[Black "Pfleger, Sascha"]
[Result "1/2-1/2"]
[WhiteElo "1945"]
[BlackElo "1987"]
[Annotator "Daniel"]
[PlyCount "80"]
[EventDate "2020.??.??"]
[SourceVersionDate "2020.03.16"]
[WhiteTeam "SV Mülheim-Nord 2"]
[BlackTeam "SV Letmathe 1"]

1. e4 e6 2. d4 d5 3. e5 c5 4. c3 Ne7 5. Nf3 Nd7 6. Be2 Nc6 7. O-O Be7 8. Be3
O-O 9. a3 a5 10. a4 f6 11. exf6 Nxf6 12. dxc5 Ng4 13. Qd2 Qc7 14. h3 Nxe3 15.
Qxe3 Qf4 16. Qxf4 Rxf4 17. Nbd2 Bxc5 18. Nb3 Bb6 19. Bb5 Bd7 20. Rad1 Rd8 21.
Rd3 h6 22. g3 $11 Rf6 23. Kg2 Be8 24. Nfd4 Bg6 25. Rd2 Ne5 26. Re2 Be4+ 27. f3
Rdf8 28. Nd2 Bxd4 29. fxe4 Rxf1 30. cxd4 Rc1 31. exd5 Ng6 32. dxe6 Ne7 33. Bc4
Rc2 34. b3 Rd8 35. Nf3 Rxe2+ 36. Bxe2 Kf8 37. Bc4 Nc6 38. d5 Nb4 39. Ne5 Rxd5
40. Bxd5 Nxd5 1/2-1/2

[Event "SV Letmathe 1 - SV Mülheim-Nord 2"]
[Site "Oberliga NRW 2019/2020"]
[Date "2020.02.16"]
[Round "6.8"]
[White "Hunold, Rolf"]
[Black "Nachbar, Benjamin"]
[Result "1/2-1/2"]
[WhiteElo "1945"]
[BlackElo "2073"]
[PlyCount "38"]
[EventDate "2020.??.??"]
[SourceVersionDate "2020.03.16"]
[WhiteTeam "SV Letmathe 1"]
[BlackTeam "SV Mülheim-Nord 2"]

1. e4 c6 2. d4 d5 3. e5 Bf5 4. Nf3 e6 5. Be2 h5 6. O-O h4 7. h3 Nh6 8. c4 Nd7
9. Bg5 Be7 10. Bxe7 Qxe7 11. cxd5 exd5 12. Nc3 Nf8 13. Nh2 Ne6 14. Qd2 Bg6 15.
Bg4 Nf5 16. Nf3 Nh6 17. Nh2 Nf5 18. Nf3 Nh6 19. Nh2 Nf5 1/2-1/2

[Event "SV Dinslaken 1 - SV Wattenscheid 1"]
[Site "Oberliga NRW 2019/2020"]
[Date "2020.02.16"]
[Round "6.1"]
[White "Koscielski, Janusz"]
[Black "Sielecki, Christof"]
[Result "1/2-1/2"]
[WhiteElo "2215"]
[BlackElo "2376"]
[PlyCount "40"]
[EventDate "2020.??.??"]
[SourceVersionDate "2020.03.16"]
[WhiteTeam "SV Wattenscheid 1"]
[BlackTeam "SV Dinslaken 1"]

1. e4 c5 2. Nf3 Nc6 3. d4 cxd4 4. Nxd4 Nf6 5. Nc3 e5 6. Ndb5 d6 7. Bg5 a6 8.
Na3 b5 9. Nd5 Be7 10. Bxf6 Bxf6 11. c3 O-O 12. Nc2 Rb8 13. h4 g6 14. h5 Bg5 15.
Qd3 Ne7 16. Nxe7+ Qxe7 17. Nb4 Bb7 18. Nd5 Bxd5 19. Qxd5 b4 20. c4 Kg7 1/2-1/2

[Event "SV Dinslaken 1 - SV Wattenscheid 1"]
[Site "Oberliga NRW 2019/2020"]
[Date "2020.02.16"]
[Round "6.2"]
[White "Tereick, Benjamin"]
[Black "Schiffer, Kai-Uwe"]
[Result "1-0"]
[WhiteElo "2367"]
[BlackElo "2259"]
[PlyCount "55"]
[EventDate "2020.??.??"]
[SourceVersionDate "2020.03.16"]
[WhiteTeam "SV Dinslaken 1"]
[BlackTeam "SV Wattenscheid 1"]

1. Nf3 d5 2. g3 c5 3. Bg2 Nc6 4. d4 e6 5. O-O Nf6 6. c4 Be7 7. dxc5 Bxc5 8. a3
O-O 9. b4 Bb6 10. Bb2 Qe7 11. cxd5 exd5 12. Nc3 Bg4 13. Nxd5 Nxd5 14. Qxd5 Qxe2
15. Bxg7 Kxg7 16. Qg5+ Kh8 17. Qf6+ Kg8 18. Qg5+ Kh8 19. Qxg4 f5 20. Qh4 Rad8
21. Rae1 Qb2 22. Ng5 Rd7 23. Ne6 Re8 24. Nc5 Rdd8 25. Rxe8+ Rxe8 26. Qh5 Re5
27. Nd3 Qe2 28. Qh6 1-0

[Event "SV Dinslaken 1 - SV Wattenscheid 1"]
[Site "Oberliga NRW 2019/2020"]
[Date "2020.02.16"]
[Round "6.3"]
[White "Franke, Johannes"]
[Black "Welzel, Philipp"]
[Result "1/2-1/2"]
[WhiteElo "2244"]
[BlackElo "2252"]
[PlyCount "23"]
[EventDate "2020.??.??"]
[SourceVersionDate "2020.03.16"]
[WhiteTeam "SV Wattenscheid 1"]
[BlackTeam "SV Dinslaken 1"]

1. e4 c5 2. Nc3 Nc6 3. Bb5 Nd4 4. Bc4 g6 5. Nge2 Bg7 6. O-O e6 7. Nxd4 cxd4 8.
Ne2 Ne7 9. d3 h6 10. c3 dxc3 11. bxc3 O-O 12. Be3 1/2-1/2

[Event "SV Dinslaken 1 - SV Wattenscheid 1"]
[Site "Oberliga NRW 2019/2020"]
[Date "2020.02.16"]
[Round "6.4"]
[White "Mundorf, Johannes"]
[Black "Straeter, Timo"]
[Result "1-0"]
[WhiteElo "2185"]
[BlackElo "2316"]
[PlyCount "115"]
[EventDate "2020.??.??"]
[SourceVersionDate "2020.03.16"]
[WhiteTeam "SV Dinslaken 1"]
[BlackTeam "SV Wattenscheid 1"]

1. Nf3 Nf6 2. g3 b5 3. Bg2 Bb7 4. Na3 a6 5. c4 b4 6. Nc2 e6 7. O-O c5 8. d4
cxd4 9. Qxd4 Be4 10. Ne5 Bxg2 11. Kxg2 d6 12. Ng4 Nxg4 13. Qxg4 Nc6 14. b3 Qc8
15. Bb2 Rb8 16. Rfd1 Ne5 17. Bxe5 dxe5 18. Rd2 Qb7+ 19. f3 f5 20. Qg5 Qe7 21.
Qe3 Qc5 22. Qxc5 Bxc5 23. Rad1 Kf7 24. Rd7+ Kf6 25. e4 Rhf8 26. exf5 exf5 27.
Kf1 Rbc8 28. Ke2 Rfe8 29. Ne3 e4 30. f4 Bxe3 31. Kxe3 Rc6 32. Rb7 Re7 33. Rxb4
g5 34. fxg5+ Kxg5 35. Rd5 Rh6 36. h4+ Kg4 37. Rb8 Kxg3 38. Rxf5 Rd6 39. Rg8+
Kh3 40. h5 Rd3+ 41. Ke2 Rc3 42. h6 Kh4 43. Rf1 Rc2+ 44. Ke3 Rc3+ 45. Kd4 Rd3+
46. Kc5 Re5+ 47. Kc6 Re6+ 48. Kc7 Rf3 49. Rh1+ Rh3 50. Re1 e3 51. Re2 Rf3 52.
Kd7 Re4 53. c5 Rf2 54. Re1 Kh3 55. c6 Rd2+ 56. Kc8 Kh2 57. c7 e2 58. Kb8 1-0

[Event "SV Dinslaken 1 - SV Wattenscheid 1"]
[Site "Oberliga NRW 2019/2020"]
[Date "2020.02.16"]
[Round "6.5"]
[White "Wengenroth, Walter"]
[Black "Borchert, Rene"]
[Result "1-0"]
[WhiteElo "2229"]
[BlackElo "2173"]
[PlyCount "73"]
[EventDate "2020.??.??"]
[SourceVersionDate "2020.03.16"]
[WhiteTeam "SV Wattenscheid 1"]
[BlackTeam "SV Dinslaken 1"]

1. e4 e5 2. Nf3 Nc6 3. Bb5 a6 4. Ba4 d6 5. O-O Bd7 6. c3 g6 7. d4 Bg7 8. d5 Nb8
9. c4 Ne7 10. Nc3 O-O 11. Rb1 h6 12. b4 f5 13. Nd2 b6 14. c5 a5 15. cxd6 cxd6
16. bxa5 bxa5 17. Ba3 Na6 18. Rb7 Bc8 19. Rb3 Nc5 20. Bxc5 dxc5 21. Nc4 Ba6 22.
Bb5 fxe4 23. d6 Nf5 24. Qd5+ Kh8 25. Bxa6 Rxa6 26. Nxe4 Nd4 27. Rb2 Qa8 28.
Qxa8 Raxa8 29. Rfb1 a4 30. Rb7 Ne6 31. g3 Ng5 32. Nxg5 hxg5 33. Rc7 e4 34. Rbb7
Bd4 35. Ne3 Rad8 36. Ng4 Rf3 37. Nh6 1-0

[Event "SV Dinslaken 1 - SV Wattenscheid 1"]
[Site "Oberliga NRW 2019/2020"]
[Date "2020.02.16"]
[Round "6.6"]
[White "Ossig, Rainer"]
[Black "Sandkamp, Ralph"]
[Result "1/2-1/2"]
[WhiteElo "2162"]
[BlackElo "2192"]
[PlyCount "37"]
[EventDate "2020.??.??"]
[SourceVersionDate "2020.03.16"]
[WhiteTeam "SV Dinslaken 1"]
[BlackTeam "SV Wattenscheid 1"]

1. Nf3 Nf6 2. g3 b5 3. Bg2 Bb7 4. Na3 a6 5. c4 b4 6. Nc2 e6 7. O-O c5 8. a3 a5
9. b3 Be7 10. Bb2 O-O 11. d4 bxa3 12. Bxa3 cxd4 13. Nfxd4 Bxg2 14. Kxg2 d5 15.
Bxe7 Qxe7 16. cxd5 Nxd5 17. Qd2 Qb7 18. Kg1 Nc6 19. Nxc6 1/2-1/2

[Event "SV Dinslaken 1 - SV Wattenscheid 1"]
[Site "Oberliga NRW 2019/2020"]
[Date "2020.02.16"]
[Round "6.7"]
[White "Kaehmann, Joerg"]
[Black "Sonnenschein, Philipp"]
[Result "1-0"]
[WhiteElo "2123"]
[BlackElo "2154"]
[PlyCount "91"]
[EventDate "2020.??.??"]
[SourceVersionDate "2020.03.16"]
[WhiteTeam "SV Wattenscheid 1"]
[BlackTeam "SV Dinslaken 1"]

1. Nf3 Nf6 2. b3 d5 3. e3 g6 4. Bb2 Bg7 5. c4 O-O 6. Be2 c5 7. d4 cxd4 8. exd4
Nc6 9. O-O Bf5 10. Nc3 dxc4 11. bxc4 Ne4 12. Nd5 Bg4 13. Rb1 Bxf3 14. Bxf3 Ng5
15. Re1 Ne6 16. Ba3 Bxd4 17. Rxb7 Re8 18. Nxe7+ Nxe7 19. Rxe7 Rc8 20. Rxe8+
Qxe8 21. Bd5 Qd7 22. Qg4 Re8 23. h3 h5 24. Qd1 Nf4 25. Rxe8+ Qxe8 26. Bd6 Qe2
27. Qxd4 Qe1+ 28. Kh2 Ne2 29. Bxf7+ Kxf7 30. Qxa7+ Kg8 31. f3 h4 32. Qe3 Qd1
33. Qe8+ Kh7 34. Qe7+ Kg8 35. Qf8+ Kh7 36. Qf7+ Kh6 37. Bf8+ Kh5 38. Qh7+ Kg5
39. Bh6+ Kf6 40. Qg7+ Ke6 41. Qxg6+ Kd7 42. Qf5+ Kc7 43. Bf4+ Kb7 44. Qb5+ Ka7
45. Be3+ Ka8 46. Qd5+ 1-0

[Event "SV Dinslaken 1 - SV Wattenscheid 1"]
[Site "Oberliga NRW 2019/2020"]
[Date "2020.02.16"]
[Round "6.8"]
[White "Cebulla, Konstantin"]
[Black "Hirsch, Stefan"]
[Result "1/2-1/2"]
[WhiteElo "2086"]
[BlackElo "2119"]
[PlyCount "83"]
[EventDate "2020.??.??"]
[SourceVersionDate "2020.03.16"]
[WhiteTeam "SV Dinslaken 1"]
[BlackTeam "SV Wattenscheid 1"]

1. d4 d5 2. c4 c6 3. Nf3 Nf6 4. e3 a6 5. Bd3 dxc4 6. Bxc4 b5 7. Bd3 e6 8. a4
Bb7 9. O-O Nbd7 10. b3 Bd6 11. Ba3 Qe7 12. Bxd6 Qxd6 13. Qe2 Nd5 14. Rc1 O-O
15. Nc3 e5 16. Ne4 Qe7 17. Nxe5 Nxe5 18. dxe5 Qxe5 19. Nc5 Nc3 20. Qc2 Qxc5 21.
Qxc3 Qxc3 22. Rxc3 Rfd8 23. Be4 Rd6 24. axb5 axb5 25. Rxa8+ Bxa8 26. Kf1 Kf8
27. Ke2 Ke7 28. Rd3 Bb7 29. Rxd6 Kxd6 30. Bxh7 g6 31. h4 Bc8 32. h5 gxh5 33. b4
Be6 34. Kd3 c5 35. Kc3 h4 36. Bd3 Kc6 37. Bf1 Bd5 38. g3 hxg3 39. fxg3 Be4 40.
Be2 f6 41. Bf1 Bd5 42. Be2 1/2-1/2

[Event "SK Münster 1 - SF Essen-Katernberg  1"]
[Site "Oberliga NRW 2019/2020"]
[Date "2020.02.16"]
[Round "6.1"]
[White "Siebrecht, Sebastian"]
[Black "Holtel, Jasper"]
[Result "0-1"]
[WhiteElo "2408"]
[BlackElo "2276"]
[PlyCount "126"]
[EventDate "2020.??.??"]
[SourceVersionDate "2020.03.16"]
[WhiteTeam "SF Essen-Katernberg  1"]
[BlackTeam "SK Münster 1"]

1. d4 Nf6 2. c4 g6 3. h4 c6 4. Nc3 d5 5. cxd5 cxd5 6. Nf3 Bg7 7. Bf4 O-O 8. e3
Nc6 9. Ne5 Qb6 10. a3 Nxe5 11. Bxe5 Ng4 12. Na4 Qd8 13. Bxg7 Kxg7 14. h5 Nf6
15. h6+ Kg8 16. Bd3 Qd6 17. f4 Bf5 18. Bxf5 gxf5 19. Nc5 Kh8 20. Qb3 b6 21. Nd3
Ne4 22. O-O-O f6 23. Kb1 Rg8 24. Rh2 Rg3 25. Ka2 Kg8 26. Nc1 Rc8 27. Ne2 Rg6
28. Rc1 Rxc1 29. Nxc1 Qc6 30. g4 fxg4 31. f5 Rg5 32. Rc2 Qd7 33. Nd3 Rxf5 34.
Nf4 Kf7 35. Qd3 Rg5 36. Qf1 Rg8 37. Qc1 Rd8 38. Rc7 Qf5 39. a4 a5 40. b3 g3 41.
Ka3 Ng5 42. Rc6 Nh3 43. Ng2 Qe4 44. Qh1 Qg4 45. Rxb6 Rc8 46. Rb5 Nf2 47. Qf1
Qd1 48. Qxd1 Nxd1 49. Rc5 Rxc5 50. dxc5 Ke6 51. b4 axb4+ 52. Kxb4 Kd7 53. a5
Kc6 54. a6 f5 55. Ka5 e5 56. a7 Kb7 57. a8=Q+ Kxa8 58. Kb6 d4 59. exd4 exd4 60.
Kc6 Nc3 61. Kd7 d3 62. c6 d2 63. Ne3 Nb5 0-1

[Event "SK Münster 1 - SF Essen-Katernberg  1"]
[Site "Oberliga NRW 2019/2020"]
[Date "2020.02.16"]
[Round "6.2"]
[White "Wolter, Kai"]
[Black "Tomic, Bosko"]
[Result "0-1"]
[WhiteElo "2294"]
[BlackElo "2367"]
[PlyCount "150"]
[EventDate "2020.??.??"]
[SourceVersionDate "2020.03.16"]
[WhiteTeam "SK Münster 1"]
[BlackTeam "SF Essen-Katernberg  1"]

1. e4 c5 2. Nf3 d6 3. d4 cxd4 4. Nxd4 Nf6 5. Nc3 Nc6 6. Be2 g6 7. O-O Bg7 8.
Nb3 O-O 9. Re1 Be6 10. Bf1 Rc8 11. Nd5 a6 12. c3 Ne5 13. h3 Nc4 14. Nf4 Bd7 15.
a4 e5 16. Nd5 Nxd5 17. exd5 f5 18. a5 Bb5 19. f4 Qd7 20. fxe5 dxe5 21. d6 Rf6
22. Qd5+ Kh8 23. Nc5 Qxd6 24. Bxc4 Bxc4 25. Qxd6 Rxd6 26. Be3 f4 27. Bf2 Rd2
28. b4 Rcd8 29. Nxb7 R8d5 30. Nc5 h6 31. Rac1 Bf8 32. Na4 Ra2 33. Ra1 Rxa1 34.
Rxa1 Rd2 35. Re1 Be2 36. Nc5 Bxc5 37. bxc5 Rd1 38. c6 Rxe1+ 39. Bxe1 Bc4 40. c7
Be6 41. h4 Kg7 42. g3 Kf6 43. c4 Kf5 44. Bc3 Kg4 45. Bxe5 Kxg3 46. Bd6 g5 47.
hxg5 hxg5 48. c5 Kf3 49. c6 g4 50. Bc5 g3 51. Bd6 Kg4 52. Bc5 f3 53. Kf1 Kg5
54. Ke1 Kf5 55. Bb6 Ke4 56. Kd2 Bh3 57. Bg1 Bg4 58. Bb6 Kd5 59. Bg1 Kxc6 60.
Bb6 Kb7 61. Ke1 Bh3 62. Be3 Kc6 63. Bf2 gxf2+ 64. Kxf2 Kb5 65. Kxf3 Kxa5 66.
Ke2 Ka4 67. Kd2 Ka3 68. Kc2 Ka2 69. Kc3 a5 70. Kc2 a4 71. Kc3 Bf5 72. Kc4 a3
73. Kc3 Kb1 74. Kb3 a2 75. c8=Q Bxc8 0-1

[Event "SK Münster 1 - SF Essen-Katernberg  1"]
[Site "Oberliga NRW 2019/2020"]
[Date "2020.02.16"]
[Round "6.3"]
[White "Kueppers, Timo"]
[Black "Schmitzer, Klaus"]
[Result "0-1"]
[WhiteElo "2309"]
[BlackElo "2257"]
[PlyCount "50"]
[EventDate "2020.??.??"]
[SourceVersionDate "2020.03.16"]
[WhiteTeam "SF Essen-Katernberg  1"]
[BlackTeam "SK Münster 1"]

1. d4 e6 2. e4 c5 3. Nf3 cxd4 4. Nxd4 Nc6 5. Nc3 a6 6. Nxc6 bxc6 7. Bd3 e5 8.
O-O Nf6 9. f4 Bd6 10. Qe2 O-O 11. f5 h6 12. g4 Re8 13. h4 Nh7 14. f6 Nxf6 15.
g5 Nh7 16. Bc4 Bc5+ 17. Kh1 d5 18. exd5 cxd5 19. Bxd5 Ra7 20. Qc4 Rc7 21. g6
Kh8 22. Rxf7 Bd4 23. Bg5 Nxg5 24. Rxc7 Ne4 25. Qe2 Ng3+ 0-1

[Event "SK Münster 1 - SF Essen-Katernberg  1"]
[Site "Oberliga NRW 2019/2020"]
[Date "2020.02.16"]
[Round "6.4"]
[White "Kamp, Christoph"]
[Black "Rosen, Bernd"]
[Result "0-1"]
[WhiteElo "2231"]
[BlackElo "2293"]
[PlyCount "92"]
[EventDate "2020.??.??"]
[SourceVersionDate "2020.03.16"]
[WhiteTeam "SK Münster 1"]
[BlackTeam "SF Essen-Katernberg  1"]

1. c4 e5 2. Nc3 Nc6 3. Nf3 Nf6 4. a3 g6 5. d4 exd4 6. Nxd4 Bg7 7. Bg5 h6 8. Bh4
O-O 9. e3 Nxd4 10. Qxd4 g5 11. Bg3 d5 12. Qd2 Be6 13. Be2 c6 14. c5 Ne4 15.
Nxe4 dxe4 16. Bd6 Re8 17. Qc2 Qf6 18. Rb1 Ba2 19. Ra1 Bd5 20. Rb1 Qe6 21. b4 b5
22. Bc7 Re7 23. Ba5 Ba2 24. Rc1 Bb3 25. Qb1 Rd7 26. h4 Qd5 27. O-O gxh4 28. Bg4
Re7 29. Rfe1 Bc4 30. Be2 Ba2 31. Qc2 Bb3 32. Qb1 Kh8 33. Bd1 Ba2 34. Qc2 Rg8
35. Qe2 Bc4 36. Qh5 Qxh5 37. Bxh5 Bb2 38. Rc2 Be5 39. Kh1 Bd3 40. Rcc1 Rd7 41.
Be2 Bxe2 42. Rxe2 f5 43. Rg1 Rd3 44. Ra2 Rg7 45. Re1 Rgd7 46. f4 Bc3 0-1

[Event "SK Münster 1 - SF Essen-Katernberg  1"]
[Site "Oberliga NRW 2019/2020"]
[Date "2020.02.16"]
[Round "6.5"]
[White "Wessendorf, Thomas"]
[Black "Chilla, Jan Eric"]
[Result "1-0"]
[WhiteElo "2226"]
[BlackElo "2221"]
[PlyCount "153"]
[EventDate "2020.??.??"]
[SourceVersionDate "2020.03.16"]
[WhiteTeam "SF Essen-Katernberg  1"]
[BlackTeam "SK Münster 1"]

1. e4 e5 2. Nf3 Nc6 3. Bb5 a6 4. Ba4 d6 5. O-O Bd7 6. c3 g6 7. d4 Bg7 8. d5
Nce7 9. c4 h6 10. Nc3 f5 11. Ne1 Nf6 12. f3 O-O 13. Nd3 b5 14. Bb3 bxc4 15.
Bxc4 Kh8 16. Be3 f4 17. Bf2 h5 18. a4 g5 19. a5 g4 20. Nb4 Bh6 21. Kh1 Rg8 22.
Bg1 g3 23. Re1 Ng6 24. Bf1 Nh4 25. Qe2 Nh7 26. Rac1 Ng5 27. Rc2 Ngxf3 28. gxf3
g2+ 29. Bxg2 Rxg2 30. Bf2 Bh3 31. Qd1 Ng6 32. Rg1 Qg5 33. Qf1 Rxh2+ 34. Kxh2
Bxf1 35. Rxg5 Bxg5 36. Rc1 Bc4 37. Nc6 Nh4 38. Bxh4 Bxh4 39. Rg1 Bg3+ 40. Kh3
Kh7 41. Rc1 Rg8 42. b4 Bf2 43. Kh2 Be3 44. Rb1 Bd2 45. b5 Bxc3 46. b6 Bb5 47.
b7 Bxc6 48. dxc6 Rb8 49. Rb6 cxb6 50. c7 Rxb7 51. c8=Q Rg7 52. axb6 Ba5 53. b7
Bc7 54. Qxc7 Rxc7 55. b8=Q Rc2+ 56. Kh3 Rd2 57. Qe8 Kg7 58. Qxh5 Kf6 59. Qh6+
Ke7 60. Qh7+ Ke6 61. Qf5+ Ke7 62. Qc8 a5 63. Qc7+ Ke6 64. Qxa5 Rd4 65. Qb5 Rd2
66. Qe8+ Kf6 67. Qf8+ Ke6 68. Qh6+ Kd7 69. Kg4 Kc6 70. Qe6 Rd4 71. Qc8+ Kb5 72.
Qc7 Rd3 73. Kf5 Rd4 74. Ke6 Kb4 75. Qxd6+ Kc3 76. Qxe5 Kd3 77. Qxf4 1-0

[Event "SK Münster 1 - SF Essen-Katernberg  1"]
[Site "Oberliga NRW 2019/2020"]
[Date "2020.02.16"]
[Round "6.6"]
[White "Rott, Georg"]
[Black "Bee, Marcus"]
[Result "0-1"]
[WhiteElo "2072"]
[BlackElo "2169"]
[PlyCount "60"]
[EventDate "2020.??.??"]
[SourceVersionDate "2020.03.16"]
[WhiteTeam "SK Münster 1"]
[BlackTeam "SF Essen-Katernberg  1"]

1. e4 e6 2. d4 d5 3. Nd2 Nc6 4. Ngf3 Nf6 5. e5 Nd7 6. c3 f6 7. Bb5 Be7 8. Qe2
Nb6 9. O-O O-O 10. Bd3 Bd7 11. b4 Na4 12. Nb1 fxe5 13. dxe5 Qe8 14. Qc2 Qh5 15.
b5 Rxf3 16. bxc6 Rxd3 17. cxb7 Rb8 18. Qxd3 Rxb7 19. Qa6 Nc5 20. Qa5 Qxe5 21.
Be3 Bb5 22. Rd1 Bd6 23. g3 Ne4 24. Bd4 Qh5 25. Nd2 Ng5 26. Bxa7 Nh3+ 27. Kg2
Nf4+ 28. Kh1 Be2 29. f3 Bxf3+ 30. Kg1 Qh3 0-1

[Event "SK Münster 1 - SF Essen-Katernberg  1"]
[Site "Oberliga NRW 2019/2020"]
[Date "2020.02.16"]
[Round "6.7"]
[White "Gruenter, Martin"]
[Black "Molinaroli, Martin"]
[Result "1/2-1/2"]
[WhiteElo "2162"]
[BlackElo "2122"]
[PlyCount "107"]
[EventDate "2020.??.??"]
[SourceVersionDate "2020.03.16"]
[WhiteTeam "SF Essen-Katernberg  1"]
[BlackTeam "SK Münster 1"]

1. e4 c6 2. d4 d5 3. Nc3 dxe4 4. Nxe4 Nf6 5. Nxf6+ exf6 6. c3 Bd6 7. Bd3 O-O 8.
Qc2 Kh8 9. Ne2 Re8 10. O-O Nd7 11. Bf4 Nf8 12. Bxd6 Qxd6 13. Rfe1 Be6 14. f4
Bg4 15. f5 Bxe2 16. Rxe2 Re7 17. Rae1 Rae8 18. Rxe7 Rxe7 19. Rxe7 Qxe7 20. Qe2
Qd7 21. Qe4 g6 22. b4 Kg7 23. a4 Qd6 24. Bc4 gxf5 25. Qxf5 Ng6 26. Bd3 a5 27.
bxa5 Qa3 28. a6 bxa6 29. Bxa6 Qxc3 30. Qf2 Qa1+ 31. Bf1 Qxa4 32. h4 Qd1 33. Kh2
h5 34. g3 Nf8 35. Bg2 Ne6 36. Bxc6 Qxd4 37. Qxd4 Nxd4 38. Bd5 f5 39. Kg2 Kf6
40. Kf2 Ne6 41. Bf3 Kg6 42. Ke3 Kh6 43. Bd1 Kg6 44. Bc2 Kf6 45. Bd1 f4+ 46.
gxf4 Ng7 47. Kf2 Kg6 48. Bc2+ Nf5 49. Bd3 Kf6 50. Be2 Nxh4 51. Bxh5 Ng6 52. Kg3
Nxf4 53. Bxf7 Kxf7 54. Kxf4 1/2-1/2

[Event "SK Münster 1 - SF Essen-Katernberg  1"]
[Site "Oberliga NRW 2019/2020"]
[Date "2020.02.16"]
[Round "6.8"]
[White "Ortmeier, Leonhard"]
[Black "Schimnatkowski, Lukas"]
[Result "1/2-1/2"]
[WhiteElo "2223"]
[BlackElo "2134"]
[Annotator "Daniel"]
[PlyCount "57"]
[EventDate "2020.??.??"]
[SourceVersionDate "2020.03.16"]
[WhiteTeam "SK Münster 1"]
[BlackTeam "SF Essen-Katernberg  1"]

1. Nf3 c5 2. c4 Nf6 3. Nc3 e6 4. g3 b6 5. Bg2 Bb7 6. O-O Be7 7. d4 cxd4 8. Qxd4
d6 9. b3 O-O 10. Bb2 a6 11. Rac1 Nbd7 12. Rfd1 Qc7 13. Ne1 Rfd8 14. e4 Bf8 15.
Nc2 Rac8 16. Ne3 Qb8 17. b4 Ne5 18. f3 Nc6 19. Qd2 Nxb4 20. Na4 d5 21. cxd5
Rxc1 22. Rxc1 exd5 23. e5 d4 24. exf6 dxe3 25. Qxe3 Nd5 26. Qb3 Nxf6 $11 27.
Nxb6 Nd5 28. Nc4 Nb4 29. Rd1 1/2-1/2

[Event "SVG Plettenberg 1 - SG Bochum 1"]
[Site "Oberliga NRW 2019/2020"]
[Date "2020.02.16"]
[Round "6.1"]
[White "Kotainy, Jens"]
[Black "Haub, Thorsten Michael"]
[Result "1/2-1/2"]
[WhiteElo "2429"]
[BlackElo "2394"]
[PlyCount "71"]
[EventDate "2020.??.??"]
[SourceVersionDate "2020.03.16"]
[WhiteTeam "SG Bochum 1"]
[BlackTeam "SVG Plettenberg 1"]

1. e4 e6 2. d4 d5 3. Nc3 Bb4 4. exd5 exd5 5. Qf3 Nc6 6. Bb5 Nge7 7. a3 Bxc3+ 8.
Qxc3 O-O 9. Bf4 a6 10. Ba4 Re8 11. O-O-O Ng6 12. Bg3 Bg4 13. f3 Bd7 14. h4 Rc8
15. Kb1 h5 16. Qd2 Nce5 17. dxe5 Bxa4 18. Qxd5 Qxd5 19. Rxd5 Bc6 20. Rc5 Rcd8
21. Ne2 f6 22. Nf4 Nxe5 23. Nxh5 Rd2 24. Rg1 Ng6 25. Nf4 Nxf4 26. Bxf4 Rf2 27.
Bg3 Rd2 28. Bxc7 Ree2 29. g4 Bxf3 30. Ba5 Rg2 31. Rxg2 Rxg2 32. g5 fxg5 33.
hxg5 Be4 34. Bb6 Kh7 35. b3 Kg6 36. Rc4 1/2-1/2

[Event "SVG Plettenberg 1 - SG Bochum 1"]
[Site "Oberliga NRW 2019/2020"]
[Date "2020.02.16"]
[Round "6.2"]
[White "Bosch, Jeroen"]
[Black "Hendriks, Willy"]
[Result "1/2-1/2"]
[WhiteElo "2420"]
[BlackElo "2397"]
[PlyCount "46"]
[EventDate "2020.??.??"]
[SourceVersionDate "2020.03.16"]
[WhiteTeam "SVG Plettenberg 1"]
[BlackTeam "SG Bochum 1"]

1. e4 c5 2. Nf3 Nc6 3. d4 cxd4 4. Nxd4 e5 5. Nb5 d6 6. c4 Be7 7. Bd3 Nf6 8.
N5c3 O-O 9. O-O Bg4 10. f3 Be6 11. Nd5 Nd7 12. Nxe7+ Qxe7 13. Nc3 Nc5 14. Nd5
Bxd5 15. cxd5 Nd4 16. Be3 f5 17. b4 fxe4 18. fxe4 Rxf1+ 19. Qxf1 Rf8 20. Qd1
Nd7 21. Qg4 Nf6 22. Qh3 h5 23. Rc1 Ng4 1/2-1/2

[Event "SVG Plettenberg 1 - SG Bochum 1"]
[Site "Oberliga NRW 2019/2020"]
[Date "2020.02.16"]
[Round "6.3"]
[White "Tkachuk, Konstantyn"]
[Black "Browning, Alex"]
[Result "0-1"]
[WhiteElo "2297"]
[BlackElo "2284"]
[PlyCount "84"]
[EventDate "2020.??.??"]
[SourceVersionDate "2020.03.16"]
[WhiteTeam "SG Bochum 1"]
[BlackTeam "SVG Plettenberg 1"]

1. e4 g6 2. d4 Bg7 3. f4 c5 4. dxc5 Qa5+ 5. c3 Qxc5 6. Nf3 Nf6 7. Bd3 O-O 8.
Qe2 d6 9. Nbd2 Nc6 10. Nb3 Qh5 11. h3 e5 12. O-O Re8 13. Qf2 exf4 14. Bxf4 Ne5
15. Nxe5 dxe5 16. Be3 g5 17. Rad1 b6 18. Bb5 Rf8 19. Bc6 Ba6 20. Bxa8 Bxf1 21.
Rxf1 Rxa8 22. Qf5 h6 23. Qxe5 Re8 24. Qc7 g4 25. hxg4 Nxg4 26. Qg3 Rxe4 27. Bd4
Ne5 28. Re1 Qg5 29. Bxe5 Rxe1+ 30. Qxe1 Bxe5 31. Nd4 Bg3 32. Qe8+ Kg7 33. Qe2
Qc1+ 34. Qf1 Bh2+ 35. Kf2 Qxb2+ 36. Qe2 Qxc3 37. Nf5+ Kf6 38. g4 Qc5+ 39. Kf3
h5 40. Qxh2 hxg4+ 41. Kxg4 Qxf5+ 42. Kg3 Qe5+ 0-1

[Event "SVG Plettenberg 1 - SG Bochum 1"]
[Site "Oberliga NRW 2019/2020"]
[Date "2020.02.16"]
[Round "6.4"]
[White "Klip, Hans"]
[Black "Schlawin, Marlon"]
[Result "0-1"]
[WhiteElo "2253"]
[BlackElo "2274"]
[PlyCount "128"]
[EventDate "2020.??.??"]
[SourceVersionDate "2020.03.16"]
[WhiteTeam "SVG Plettenberg 1"]
[BlackTeam "SG Bochum 1"]

1. f4 b6 2. e4 e6 3. Nf3 Bb7 4. Nc3 Nf6 5. e5 Nd5 6. Nxd5 Bxd5 7. d4 d6 8. Bd3
Be7 9. O-O O-O 10. Be3 c5 11. dxc5 dxc5 12. c4 Bb7 13. Qc2 h6 14. Rad1 Qc7 15.
f5 exf5 16. Bxf5 Bc8 17. Be4 Nc6 18. Bd5 Bd7 19. Bxh6 Be6 20. Bxe6 fxe6 21. Qg6
Rf7 22. Qxe6 Rd8 23. Rxd8+ Nxd8 24. Qg4 Qc6 25. Be3 Ne6 26. h3 a6 27. Qg6 Qd7
28. Qe4 Qa4 29. Qd5 Nc7 30. Qb7 Ne6 31. b3 Qxa2 32. Qxb6 Nf8 33. Bxc5 Nd7 34.
Qc6 Nxc5 35. b4 Nd3 36. e6 Rf8 37. Qd7 Nf4 38. Rf2 Qb1+ 39. Kh2 Qxb4 40. Ne5
Qd6 41. g3 Qxe5 42. Qxe7 Qxe6 43. Qh4 Ng6 44. Rxf8+ Nxf8 45. Qd4 Nd7 46. c5
Qa2+ 47. Kg1 Qb1+ 48. Kg2 Qc2+ 49. Kh1 Qf5 50. g4 Qe6 51. Kg2 Qc6+ 52. Kg3 Nxc5
53. Qc4+ Kh8 54. Kh2 Qd6+ 55. Kh1 Qd1+ 56. Kh2 Qd2+ 57. Kh1 Qe1+ 58. Kh2 Qe5+
59. Kg1 Qg3+ 60. Kh1 Qxh3+ 61. Kg1 Qg3+ 62. Kh1 Qf3+ 63. Kg1 Ne4 64. Qd4 Qf2+
0-1